Quizzes
Events
Quiz Creation
Community
Videos
Private Events
Remove Ads
Sign In
Join for FREE
Feedback
Dark Mode
Quiz Categories
Sports
Geography
Music
Movies
Television
Just For Fun
Miscellaneous
History
Literature
Language
Science
Gaming
Entertainment
Religion
Holiday
For Kids
Quiz Lab
Recent
Popular Today
Quiz Kudos Today
Editor Picks
Curator Picks
Quizzes by...
Day
Popularity
Type
Ratings
Length
Year
Community
Subscriptions
Recent Discussions
Orange Saloon
Badges
Playlists
Quests
Create
Leaderboards
Showdown
Live 5
Trivia Bingo
Activity
Puzzle Library
Sporcle Events
Private Events
Virtual Trivia
Globe League
Become a Host
Pub Owners
SporcleCon
Opinionation
Our Games
Videos
Blog
Mobile Apps
Partnerships
Remove Ads and Go Orange
Feedback
Sports
Athletes
MLB
NBA
NHL
NFL
Soccer
Sports Teams
WWE
NCAA
Football
Premier League
Basketball
Baseball
Hockey
Golf
Tennis
Cricket
Rugby
Auto Racing
Olympics
World Cup
Sports
Athletes
MLB
NBA
NHL
NFL
Soccer
Sports Teams
WWE
NCAA
Football
Premier League
Basketball
Baseball
Hockey
Golf
Tennis
Cricket
Rugby
Auto Racing
Olympics
World Cup
Random Quiz
Search Sporcle
×
Quiz Lab
Quiz Lab
Sports
Song
Type in answers that appear in a list
Type in answers that appear in a list
Classic
Best Score? Go Orange.
Fly Eagles Fly Lyrics Stats
Can you name the lyrics to 'Fly, Eagles, Fly,' the Philadelphia Eagles fight song?
By
MrSaturn64
3m
45 Questions
96 Plays
96 Plays
96 Plays
Comments
Comments
Give Quiz Kudos
Give Quiz Kudos
-
- Ratings
hide this ad
Replay
Link that replays current quiz
Next Quiz
Link to next quiz in quiz playlist
You Got
0%
They Got
Avg Score
91%
Avg Friend Score
Upgrade to see
Score Distribution
Jump to the score distribution portion of the page
Score
0/45
Timer
03:00
0
Plays Today
Go Eagles!
% Correct
Fly,
99%
Eagles
99%
Fly!
99%
Eagles
99%
a
99%
Eagles
99%
fly!
99%
Fly,
99%
Eagles,
99%
Fly!
99%
E
99%
A
99%
E
99%
EAGLES!
99%
G
96.9%
L
96.9%
S
94.8%
to
92.7%
to
92.7%
the
91.7%
victory!
91.7%
the
91.7%
victory!
91.7%
Go Eagles!
% Correct
road
90.6%
road
90.6%
On
89.6%
On
89.6%
Hit
88.5%
'em
88.5%
low,
88.5%
hit
88.5%
'em
88.5%
high,
87.5%
3!
86.5%
(1,2,3!)
86.5%
1
85.4%
2
85.4%
watch
85.4%
touchdown
84.4%
and
84.4%
score
83.3%
our
83.3%
Fight,
78.1%
fight,
78.1%
(Fight, fight, fight!)
78.1%
Quiz Playlist
Details
Report
Send in Message
Add To Playlist
Classic:
Type in answers that appear in a list
Quiz Source
Last Updated: Feb 4, 2018
Quiz Scoreboard
CHALLENGE
Sign Up to Join the Scoreboard
Show All
Scores
Hide
Comments
May contain spoilers
Recently Published
1-10 Letter E Words III
by El_Dandy
Language
2m
One Thing in Common: World Cities II
by knightlancer
Geography
7m
Popular People in 1961
by mucciniale
History
6m
More to Explore
Quiz From the Vault
Featured Blog Post
Where Did the Easter Bunny Come From?
hide this ad
You Might Also Like...
Tags
Song Quiz
eagle
fight
Fly
Philadelphia
Philadelphia Eagles
Today's Top Quizzes in Sports
Browse Sports
hide this ad
Today's Top Quizzes in Song
Browse Song
Top Contributed Quizzes in Sports
1
2022 World Cup Stars
2
Les entraîneurs de l'OM et du PSG au 21e siècle
3
FIFA Club World Cup Champions
4
Criteria MLB: Left Handed Sluggers
5
Les meilleurs buteurs des matchs entre le PSG et l’OM
6
Name the Premier League winners with different clubs
7
Players with Multiple 50 Home Run Seasons
8
MLB Players with Two .350 Batting Average Seasons
9
La finale Lions - Afrique du Sud 2021
10
MLB Hall of Famer by Rings
Explore More
Trending Topics
Marvel
Kpop
NBA
Crossword
Disney
Anime
Harry Potter
Song
NFL
Country
Soccer
Puzzle
WWE
Pokémon
The Office
hide this ad
More By:
MrSaturn64
Quiz
Plays
Rating
Category
Featured
Created
Taller Than the Eiffel Tower
40,935
4.47
Geography
Jul 10, 2017
Things in the National Museum of American History
34,967
4.67
History
Dec 31, 2018
Bad Movies by Description
31,051
4.64
Movies
Feb 16, 2018
Years by Highest-Grossing Movies (1990s)
29,177
4.57
Movies
Jun 25, 2019
Star Wars Movie by Opening Crawl
28,947
4.71
Movies
Aug 25, 2016
Go to Creator's Profile
Score Distribution
Quiz Creator Spotlight
MrSaturn64
Follow
Send a Message
Quizzes Created
-
Created Quiz Play Count
-
More By This Creator
Popular Quizzes Today
1
Find the US States - No Outlines Minefield
2
The Countries of the World
3
Popular People in 1961
4
Find the Countries of Europe - No Outlines Minefield
5
1-10 Letter E Words III
6
Find the US States
7
One Thing in Common: World Cities II
8
US States
More Sports Quizzes
3 American Athletes, 1 Thing In Common
Curator's Pick
Trending Quizzes
1-10 Letter F Words
One Thing in Common: Music
1-10 Letter G Words
Risky Map Clicking: Next State Alphabetically
1-10 Letter F Words II
Recently Updated
Leaping Animals
pecheneg
Reality TV Shows (A-Z)
bhenderson79
Rickey Henderson's Hall of Fame Teammates
pecheneg
Champions League XIs: Arsenal
pecheneg
Quick Pick: Celebrities in WWE's Hall of Fame
aduchscher
A-Z Keypad Blitz II
pecheneg
Multiple Oscar Actors
pecheneg
Mystery Phrase Blitz: Oscar 'Best Actors'
pecheneg
F. Scott Fitzgerald Novels
LTH
Pick 3 Villains
ddd62291
Trending Topics
Crossword
Kpop
Marvel
Disney
Harry Potter
NBA
Anime
WWE
Country
Song
Puzzle
Pokémon
NFL
Soccer
The Office
Your Account Isn't Verified!
In order to create a playlist on Sporcle, you need to verify the email address you used during registration. Go to your
Sporcle Settings
to finish the process.
Report this User
Report this user for behavior that violates our
Community Guidelines
.
Details:
Send Report
Go to the Sporcle.com Mobile Site →
Comments